Poesía en castellano para la educación primaria : algunas seduencias prácticas de trabajo con textos poéticos (Record no. 169283)

MARC details
000 -CABECERA
campo de control de longitud fija 00925nab a2200289 a 4500
005 - FECHA Y HORA DE LA ÚLTIMA TRANSACCIÓN
campo de control 20220910063647.0
008 - ELEMENTOS DE LONGITUD FIJA--INFORMACIÓN GENERAL
campo de control de longitud fija 991125s1985 mx 000 0 spa u
035 ## - NÚMERO DE CONTROL DEL SISTEMA
Número de control de sistema UPN01000197182
049 ## - COLECCIÓN
Colección ART-E
100 1# - ASIENTO PRINCIPAL--NOMBRE PERSONAL
Nombre de persona Selfa, Moises
100 1# - ASIENTO PRINCIPAL--NOMBRE PERSONAL
Filiación mselfa@didesp.udl.cat
222 ## - TÍTULO CLAVE
Título clave OCNOS :
Información calificativa REVISTA DE ESTUDIOS SOBRE LECTURA
245 ## - MENCIÓN DE TÍTULO
Título Poesía en castellano para la educación primaria : algunas seduencias prácticas de trabajo con textos poéticos
260 ## - PUBLICACIÓN, DISTRIBUCIÓN, ETC.
Lugar de publicación, distribución, etc. España
300 ## - DESCRIPCIÓN FÍSICA
Extensión 27-53
362 0# - FECHAS DE PUBLICACIÓN Y/O DESIGNACIÓN SECUENCIAL
Fecha de publicación y/o designación secuencial 2013, No. 10
338 ## - TIPO DE SOPORTE
Nombre/término del tipo de soporte recurso en linea
653 0# - TERMINO DE INDIZACION - NO CONTROLADO
Término no controlado FOMENTO A LA LECTURA
650 07 - ASIENTO SECUNDARIO DE MATERIA - TERMINO TEMATICO
Término de materia o nombre geográfico como elemento de entrada Poesía infantil
Fuente del encabezamiento o término
9 (RLIN) 1259
653 0# - TERMINO DE INDIZACION - NO CONTROLADO
Término no controlado COMPRENSION LECTORA
653 0# - TERMINO DE INDIZACION - NO CONTROLADO
Término no controlado COMPETENCIAS LECTORAS
700 1# - ASIENTO SECUNDARIO--NOMBRE DE PERSONAL
Nombre de persona Azevedo, Fernando,
Término indicativo de función/relación coaut.
700 1# - ASIENTO SECUNDARIO--NOMBRE DE PERSONAL
Filiación fraga@ie.uninho.pt
856 1# - LOCALIZACIÓN Y ACCESO ELECTRÓNICOS
Identificador Uniforme del Recurso <a href="http://www.revista.uclm.es/index.php/ocnos/article/view/232/329">http://www.revista.uclm.es/index.php/ocnos/article/view/232/329</a>
905 ## - TIPO DE MATERIAL
Tipo de material Articulo

No items available.